All 300+ 'A' Boy Names that have ever ranked in the top 1000 (US) - Statistics

General Stats
  • This quiz has been taken 75 times
  • The average score is 111 of 302
Answer Stats
Highest Rank Male name % Correct
285 Al
100%
733 Andrae
98%
123 Andre
98%
957 Add
96%
5 Andrew
95%
836 Ab
91%
884 Abb
91%
41 Alan
91%
47 Alex
91%
115 Allan
91%
71 Allen
91%
780 Allyn
91%
561 Aaden
89%
287 Adan
89%
265 Aden
89%
987 Adin
89%
774 Aedan
89%
43 Aidan
89%
9 Aiden
89%
701 Aidyn
89%
6 Alexander
89%
622 Alexzander
89%
300 Ali
89%
286 Allie
89%
608 Aydan
89%
68 Ayden
89%
670 Aydin
89%
193 Andy
87%
328 Ari
85%
418 Art
85%
107 Ashton
85%
30 Aaron
84%
681 Ada
84%
262 Antoine
84%
171 Anton
84%
459 Antone
84%
462 Aron
84%
595 Arron
84%
375 Arther
84%
14 Arthur
84%
920 Aurthur
84%
611 Auther
84%
557 Author
84%
604 Authur
84%
7 Anthony
82%
611 Antony
82%
14 Albert
80%
460 Alf
80%
125 Abraham
78%
1000 Aime
78%
20 Asher
78%
56 Adrian
76%
697 Adrien
76%
222 Abe
75%
19 Adam
75%
71 Axel
75%
717 Axl
75%
181 Avery
73%
474 Alice
71%
879 Amy
71%
72 Antonio
71%
282 Ashley
71%
32 Alfred
69%
916 Alfie
67%
564 Ander
67%
120 Alexis
65%
972 Armin
65%
74 August
65%
848 Auguste
65%
152 Ace
64%
896 Alvan
64%
66 Alvin
64%
794 Anders
64%
802 Andreas
64%
152 Andres
64%
199 Arch
64%
420 Austen
62%
9 Austin
62%
806 Auston
62%
671 Austyn
62%
820 Ah
60%
224 Alberto
60%
89 Alejandro
60%
530 Alessandro
60%
719 Alexandro
60%
32 Angel
60%
79 Archie
60%
215 Anderson
58%
323 Armand
56%
689 Armond
56%
922 Abbie
55%
124 Abel
55%
812 Ameer
53%
612 Andrea
53%
897 Amado
51%
115 Archer
51%
428 Artie
51%
911 Agustus
49%
149 Angelo
49%
472 Ariel
49%
205 Armando
49%
728 Arno
49%
175 Augustus
49%
279 Archibald
47%
146 Arlo
47%
91 Arnold
47%
404 Ahmad
45%
491 Ahmed
45%
945 Alby
45%
112 Alec
45%
758 Aleck
45%
968 Alek
45%
266 Alfredo
45%
259 Arturo
45%
587 Audrey
45%
529 Allison
44%
652 Arian
44%
866 Arnie
44%
613 Aryan
44%
264 Atticus
44%
224 Aubrey
44%
382 Addison
42%
892 Alfonse
42%
290 Alphonse
42%
360 Anna
42%
295 Alfonso
40%
724 Alfonzo
40%
417 Alphonso
40%
105 Amos
40%
974 Abie
38%
873 Ahmir
38%
151 Amari
38%
95 Amir
38%
931 Ann
38%
101 Atlas
38%
290 Abram
36%
410 Aldo
36%
178 Asa
36%
718 Avi
36%
579 Agustin
35%
901 Alistair
35%
971 Amil
35%
823 Augustin
35%
479 Augustine
35%
789 Alto
33%
389 Apollo
33%
359 Armani
33%
910 Abbott
31%
174 Adonis
31%
436 Alden
31%
705 Ammon
29%
823 Amon
29%
369 Albin
27%
461 Alma
27%
683 Almer
27%
904 Amin
27%
295 Ares
27%
700 Aries
27%
628 Addie
25%
755 Alanzo
25%
622 Alonso
25%
110 Alonzo
25%
135 Alton
25%
962 Aspen
25%
657 Abdul
24%
861 Alba
24%
946 Alessio
24%
365 Angus
24%
466 Annie
24%
758 Arlan
24%
881 Arland
24%
407 Arlen
24%
641 Arlin
24%
929 Arlyn
24%
650 Arvin
24%
653 Abdullah
22%
109 Adriel
22%
740 Amanda
22%
508 Arden
22%
233 Ambrose
18%
162 Alva
16%
364 Alvah
16%
977 Alver
16%
854 Ancel
16%
950 Ancil
16%
875 Angela
16%
741 Ansel
16%
684 Azrael
16%
607 Azriel
16%
289 Abner
15%
728 Agnes
15%
544 Anakin
15%
841 Antonia
15%
460 Ayaan
15%
851 Ayan
15%
655 Azael
15%
243 Aziel
15%
907 Adler
13%
765 Adolf
13%
112 Adolph
13%
938 Alexandre
13%
491 Alpha
13%
629 Aurelio
13%
503 Azariah
13%
910 Achilles
11%
442 Almon
11%
465 Alvie
11%
849 Alvy
11%
507 Amiri
11%
598 Anson
11%
752 Arne
11%
600 Axton
11%
405 Akeem
9%
407 Alijah
9%
839 Almond
9%
551 Alois
9%
455 Alvaro
9%
502 Aric
9%
646 Arley
9%
391 Arlie
9%
867 Arnoldo
9%
564 Augusta
9%
519 Abdiel
7%
508 Adolfo
7%
938 Akira
7%
725 Algie
7%
981 Alwin
7%
839 Amit
7%
979 Anatole
7%
989 Antwain
7%
404 Antwan
7%
644 Antwon
7%
491 Arjun
7%
637 Artis
7%
457 Atreus
7%
998 Alain
5%
822 Alaric
5%
816 Alger
5%
358 Aloysius
5%
740 Alta
5%
552 Alvis
5%
498 Amare
5%
581 Americo
5%
675 Antione
5%
528 Aarav
4%
480 Adlai
4%
355 Adolphus
4%
892 Albertus
4%
417 Alford
4%
965 Algernon
4%
1000 Almus
4%
970 Amasa
4%
682 Amias
4%
992 Anibal
4%
706 Arlington
4%
953 Arvo
4%
608 Ashby
4%
946 Atha
4%
967 Autry
4%
320 Adelbert
2%
733 Aditya
2%
946 Adron
2%
707 Albion
2%
695 Alpheus
2%
759 Alvia
2%
628 Amarion
2%
654 Ambers
2%
763 Andra
2%
669 Anfernee
2%
741 Anwar
2%
778 Ardell
2%
984 Arlis
2%
653 Arnett
2%
689 Arvel
2%
547 Arvid
2%
766 Arvil
2%
858 Asaiah
2%
599 Asberry
2%
534 Asbury
2%
928 Audley
2%
921 Azai
2%
881 Azaiah
2%
900 Aarush
0%
984 Abelardo
0%
959 Acey
0%
723 Acie
0%
502 Adelard
0%
850 Adrain
0%
946 Alcee
0%
695 Alcide
0%
470 Alonza
0%
750 Alphonsus
0%
898 Ananias
0%
756 Anastacio
0%
701 Armstead
0%
868 Arnav
0%
819 Arnulfo
0%
744 Arsenio
0%
991 Atharv
0%
878 Attilio
0%
565 Audie
0%
717 Avyaan
0%
No matching quizzes found
Score Distribution
Percent of People with Each Score
Percentile by Number Answered
Your Score History
You have not taken this quiz